000 00769nam a22002175i 4500
001 169017
003 ES-MaACL
005 20250718081355.0
008 080728s1869 fr |||| | fre d
080 _a782.089.6
100 1 _aGounod, Charles,
_d1818-1893
_9240526
245 1 0 _aFaust [
_hmúsica impresa]
_b: opéra en 5 actes /
_cde J. Barbier et M. Carré ; musique de Ch. Gounod.
250 _a4e. ed.
260 _aParis :
_bChoudens Père & Fils,
_c[1869]
300 _a1 partitura vocal (267 p.) ;
_c28 cm.
650 1 4 _aÓperas-
_xPartituras vocales.
_9137997
700 1 _aBarbier, Jean.
_925455
700 1 _aCarré, Michel.
_9138040
852 4 _aES-MaACL
_jL-29295
_9R.143681
_zBiblioteca Jacinto Martínez Lacalle
999 _c169017
_d169017